<?xml version="1.0" encoding="UTF-8"?>
<marc:record xmlns:marc="http://www.loc.gov/MARC21/slim">
   <marc:leader>00000nam a2200000 a 4500</marc:leader>
   <marc:datafield ind1="1" ind2=" " tag="100">
      <marc:subfield code="a">Wellemin, Nicole</marc:subfield>
      <marc:subfield code="4">aut</marc:subfield>
      <marc:subfield code="e">Verfasser/-in</marc:subfield>
   </marc:datafield>
   <marc:datafield ind1=" " ind2=" " tag="653">
      <marc:subfield code="a">Südtirol</marc:subfield>
   </marc:datafield>
   <marc:datafield ind1=" " ind2=" " tag="653">
      <marc:subfield code="a">Familie</marc:subfield>
   </marc:datafield>
   <marc:datafield ind1=" " ind2=" " tag="653">
      <marc:subfield code="a">Apfelbäume</marc:subfield>
   </marc:datafield>
   <marc:datafield ind1="0" ind2="0" tag="245">
      <marc:subfield code="a">Späte Ernte</marc:subfield>
   </marc:datafield>
   <marc:datafield ind1="0" ind2="0" tag="245">
      <marc:subfield code="b">Roman</marc:subfield>
   </marc:datafield>
   <marc:datafield ind1="0" ind2="0" tag="245">
      <marc:subfield code="c">Nicole Wellemin</marc:subfield>
   </marc:datafield>
   <marc:datafield ind1=" " ind2="1" tag="264">
      <marc:subfield code="a">München</marc:subfield>
      <marc:subfield code="b">Piper</marc:subfield>
   </marc:datafield>
   <marc:datafield ind1="1" ind2=" " tag="520">
      <marc:subfield code="a">1943 träumt die junge Südtirolerin Lene von einer glücklichen Zukunft auf dem Hof ihrer großen Liebe Elias. Wie hart das Schicksal ist, das in der rauen Bergwelt auf sie wartet, ahnt sie nicht. Viele Jahrzehnte später baut ihre Enkelin Anna in ebendieser kargen Landschaft mit viel Hingabe und Ausdauer Äpfel an. Als sie die Mittfünfzigerin Lis kennenlernt, die eine schwere Schuld mit sich trägt, gewährt sie ihr ohne viele Fragen Unterschlupf. Ein ganzes Jahr verbringen die Frauen auf dem Hof, im steten Wechsel der Jahreszeiten und im Einklang mit der Natur. Mit ihrer behutsamen Art ermöglicht Anna Lis, sich zu öffnen und zu heilen. Denn auch sie kennt die Last einer fremden Schuld und den Schaden, den das Schweigen anrichten kann.</marc:subfield>
   </marc:datafield>
   <marc:datafield ind1=" " ind2=" " tag="020">
      <marc:subfield code="a">9783492071956</marc:subfield>
      <marc:subfield code="9">9783492071956</marc:subfield>
   </marc:datafield>
   <marc:datafield ind1=" " ind2=" " tag="041">
      <marc:subfield code="a">ger</marc:subfield>
   </marc:datafield>
   <marc:datafield ind1="1" ind2=" " tag="521">
      <marc:subfield code="a">0</marc:subfield>
   </marc:datafield>
   <marc:datafield ind1=" " ind2=" " tag="300">
      <marc:subfield code="a">342 Seiten</marc:subfield>
   </marc:datafield>
</marc:record>
